| 000 -ლიდერი |
| ფიქსირებული სიგრძის საკონტროლო ველი |
01190nam a2200241Ia 4500 |
| 001 - საკონტროლო ნომერი |
| საკონტროლო ველი |
4459 |
| 003 - საკონტროლო ნომრის იდენტიფიკატორი |
| საკონტროლო ველი |
GE_BSU |
| 005 - ბოლო ოპერაციის თარიღი და დრო |
| საკონტროლო ველი |
20190521204050.0 |
| 008 - ფიქსირებული სიგრძის მონაცემთა ელემენტები - ზოგადი ინფორმაცია |
| ფიქსირებული სიგრძის საკონტროლო ველი |
181216s2003||||ge |||||||||||||| ||geo|| |
| 020 ## - წიგნის საერთაშორისო სტანდარტული ნომერი |
| International Standard Book Number |
9994014013 |
| 040 ## - კატალოგიზაციის წყარო |
| Transcribing agency |
GE_BSU |
| 041 ## - ენის კოდი |
| Language code of text/sound track or separate title |
geo |
| 080 ## - უნივერსალური ათობითი კლასიფიკაციის ინდექსი |
| Universal Decimal Classification number |
519.2(075.8) ც–59 |
| 100 ## - მთავარი ჩანაწერი - პიროვნების სახელი |
| Personal name |
ცივაძე, აკაკი. |
| 9 (RLIN) |
1480 |
| 245 ## - ცნობა სათაურის შესახებ |
| Title |
ალბათობის თეორია და მათემატიკური სტატისტიკა ინჟინრებისათვის. |
| Remainder of title |
სახელმძღ. / |
| Statement of responsibility, etc |
აკაკი ცივაძე ; სერგო თოფურიას რედაქციით. |
| 264 ## - წარმოების, გამოცემის, დისტრიბუციის და სხვა ცნობები |
| გამოცემის, წარმოების, დისტრიბუციის... ადგილი |
თბილისი : |
| გამოცემის, წარმოების, დისტრიბუციის... სახელწოდება |
ტექნიკური უნივერსიტეტი, |
| გამოცემის, წარმოების, დისტრიბუციის... თარიღი |
2003. |
| 300 ## - ფიზიკური აღწერა |
| Extent |
248 გვ .: |
| Dimensions |
29 სმ. |
| 653 ## - INDEX TERM--UNCONTROLLED |
| Uncontrolled term |
ალბათობის თეორია და მათემატიკური სტატისტიკა ინჟინრებისათვის. |
| 653 ## - INDEX TERM--UNCONTROLLED |
| Uncontrolled term |
მათემატიკა |
| 700 ## - ADDED ENTRY--PERSONAL NAME |
| Personal name |
თოფურია, სერგო |
| Relator term |
რედაქტორი |
| 9 (RLIN) |
1491 |
| 942 ## - ADDED ENTRY ELEMENTS (KOHA) |
| Koha item type |
წიგნი |
| Source of classification or shelving scheme |
|